Vývoj hospodárstva SR v roku 1994

Niektoré údaje Štatistického úradu SR o vývoji hospodárstva v roku 1994. Priemerná mesačná mzda vo výrobných odvetviach. Peňažné výdavky obyvateľstva. Index reálnych príjmov obyvateľstva. Miera inflácie. Miera úspor obyvateľstva.

Uložené v:
Podrobná bibliografia
Médium: Kapitola
Jazyk:Slovak
Predmet:
Tagy: Pridať tag
Žiadne tagy, Buďte prvý, kto otaguje tento záznam!

MARC

LEADER 00000naa a2200000 4500
001 r024700
005 20221205091015.0
041 0 |a slo 
044 |a SK 
245 1 0 |a Vývoj hospodárstva SR v roku 1994 
520 |a Niektoré údaje Štatistického úradu SR o vývoji hospodárstva v roku 1994. Priemerná mesačná mzda vo výrobných odvetviach. Peňažné výdavky obyvateľstva. Index reálnych príjmov obyvateľstva. Miera inflácie. Miera úspor obyvateľstva. 
610 2 0 |a situácia hospodárska 
610 2 0 |a vývoj hospodársky 
610 2 0 |a Slovensko 
610 2 0 |a január-jún 
610 2 0 |a 1994 
610 2 0 |a mzdy 
610 2 0 |a mzdy mesačné 
610 2 0 |a zárobky priemerné 
610 2 0 |a výdavky obyvateľstva 
610 2 0 |a príjmy obyvateľstva 
610 2 0 |a inflácia 
610 2 0 |a úspory obyvateľstva